[Event "EGY-chT 0708"]
[Site "Egypt"]
[Date "2007.11.02"]
[Round "1"]
[White "Yehya, Mahmoud"]
[Black "Elbasuny, Fahmy"]
[Result "1-0"]
[WhiteElo "2129"]
[BlackElo "2222"]
[PlyCount "103"]
[EventDate "2007.11.02"]
[EventType "team-tourn"]
[EventRounds "3"]
[EventCountry "EGY"]
[SourceTitle "EXT 2009"]
[Source "ChessBase"]
[SourceDate "2008.11.26"]
[SourceVersion "1"]
[SourceVersionDate "2008.11.26"]
[SourceQuality "1"]
[WhiteTeam "El Ray"]
[BlackTeam "El Shark"]
[WhiteTeamCountry "EGY"]
[BlackTeamCountry "EGY"]

1. e4 Nf6 2. Nc3 d5 3. exd5 Nxd5 4. Nxd5 Qxd5 5. Qf3 Qc5 6. Qb3 Nc6 7. c3 Qb6 8. Qxb6 axb6 9. Bb5 e5 10. Ne2 Bd6 11. d4 0-0 12. Bxc6 bxc6 13. 0-0 Ba6 14. Re1 Rfe8 15. dxe5 Bxe5 16. Be3 f5 17. g3 c5 18. a3 Bc4 19. h4 Bxe2 20. Rxe2 f4 21. gxf4 Bxf4 22. Rae1 Bd6 23. Bg5 Rxe2 24. Rxe2 h6 25. Bc1 c4 26. Re4 b5 27. Bf4 Bxf4 28. Rxf4 c6 29. Rd4 Ra7 30. Rd8+ Kf7 31. Rc8 Ra6 32. Rc7+ Kf6 33. h5 g6 34. hxg6 Kxg6 35. Kg2 Kf5 36. Rh7 Ke4 37. Rxh6 Kd3 38. Re6 Kc2 39. Re2+ Kd1 40. Kf1 c5 41. f4 Rf6 42. Rf2 Rf5 43. Kg2 Kc1 44. Kf3 Kb1 45. Ke4 Rf8 46. f5 Ka2 47. Ke5 Rc8 48. f6 Kb3 49. f7 b4 50. axb4 cxb4 51. cxb4 Rf8 52. b5 1-0